Normal view
MARC view
- Supervised by Usman Mehmood Malik
Entry Personal Name
001 - CONTROL NUMBER
- control field: 132698
003 - CONTROL NUMBER IDENTIFIER
- control field: NUST
005 - DATE AND TIME OF LATEST TRANSACTION
- control field: 20260102155507.0
008 - FIXED-LENGTH DATA ELEMENTS
- fixed length control field: 260102|| aca||aabn | a|a d
040 ## - CATALOGING SOURCE
- Original cataloging agency: NUST
- Transcribing agency: NUST
100 ## - HEADING--PERSONAL NAME
- Personal name: Supervised by Usman Mehmood Malik
670 ## - SOURCE DATA FOUND
- Source citation: Work cat.: (NUST)603317: Rahim, Adeena 118352, SUNERGY and BHMS /
